00794nam a2200181 a 450000100060000000300090000600800410001502000150005604000280007108200170009910000320011624500760014826000620022430000100028650502730029665000210056965000220059017051CO-ViMGA141112s2004 ck r 000 u spa d a958655340X aCO-ViMGAbspacCO-ViMGA04a346.01 B718i1 aBravo Aguilar, Luisa Judith10aIntroducción a la genética forense : bDe las pruebas de paternidad aMedellín (Colombia), cUniversidad de Antioquia, c1999 a87.p. aConceptos básicos de la genética humana Reproducción humana Material genetico Herencia de las caracteristicas biológicas Marcadores geneticos Antígenos de los leucocitos humanos : HLA Marcadores geneticos del ADN Bases teóricas de las pruebas de paternidad14aADN - GENética14aGENética HUMANA